000 00411nam a22001457a 4500
003 NUST
082 _a004
100 _aMatloob, Irum
_935108
245 _aAnalysis of ECG Survey Data by Applying Clustering Algorithm /
_c Irum Matloob
260 _6MCS - NUST,
_c2012
300 _a 78 p. ; 30cm
650 _a Computer Science-MS-Thesis
_916114
700 _aDr. Shoab Ahmed Khan
_916053
942 _2ddc
_cTHE
999 _c607992
_d607992